| 000 | 00570nam a22002417a 4500 | ||
|---|---|---|---|
| 003 | UA-OsUOA | ||
| 001 | 16781 | ||
| 007 | ta | ||
| 008 | 20030515b un ||||| |||| 00| 0 ukr d | ||
| 100 | _aЗагорський Ю. | ||
| 090 | _bЗ-14 | ||
| 942 | _cBK | ||
| 040 |
_aUA-OsUOA _bukr _cUA-OsUOA _dUA-OsUOA |
||
| 245 |
_aВиклик зимі _bВірші |
||
| 300 | _a76 с. | ||
| 955 | _a0 | ||
| 041 | _aukr | ||
| 020 | _a966-95609-5-0 | ||
| 591 | _a84(4Укр)6 | ||
| 260 |
_aРівне _c2003 |
||
| 044 | _aUA | ||
| 650 | 7 |
_aКраєзнавча робота _2UDC |
|
| 999 |
_c302947 _d302947 |
||